000 00346nam a2200157Ia 4500
008 210210b1951 xxu||||| |||| 00| 0 eng d
041 _aeng
082 _a874/49
100 _aNAIR (S K)
245 _aSamskara kedaram
260 _a
_b-
_c1951
650 _aSamskara
650 _akedaram
690 _aMalayalam Criticism
906 _a002629
999 _c110719
_d110719